000 00643nam a2200193Ii 4500
003 JO-AjNU
008 230605s9999||||xx |||||||||||||| ||und||
040 _aJO-AjNU
_bara
_erda
_cJO-AjNU
041 _aara
050 1 4 _aB753.I53 H3 1995
100 3 _aسعد،فاروق /تقديم وتحقيق,
_eauthor
_914101
245 0 0 _aابن طفيل: حي بن يقضان
264 3 1 _aبيروت:دار الافاق الجديدة ، 1995
300 _a244ص
336 _atext
_btxt
_2rdacontent
337 _aunmediated
_bn
_2rdamedia
338 _avolume
_bnc
_2rdacarrier
650 4 _aفلسفة اسلامية-المعرفة-فلسفة
_914102
999 _aA3681
_c7249
_d7249